000 00975nam a2200289Ia 4500
003 OSt
005 20221007121008.0
006 a|||||r|||| 00| 0
007 ta
008 221006b |||||||| |||| 00| 0 eng d
020 _a9781845930561 (pbk)
024 _a84752
037 _b074, 21/08/2009, N R Book Distributors
_cTextbook
040 _aBDL
_cBDL
_beng
041 _2eng
_aeng
082 _aI:438, P6 Carb
100 _aPerry Roland N Ed.
_9710444
245 0 _aPlant nematology
_b Moens Maurice Ed.
260 _aWallingford
_bCABI
_c2006
300 _axvi, 447p.
_ccm.
500 _aReferences 411-431p; Glossary 432-439p.; Index 440-447p.
650 _a Nematode diseases of plants
_9710445
650 _aPlant nematodes
_9710446
700 _a Moens Maurice Ed.
_9710447
942 _hI:438, P6 Carb
_cTB
_2CC
999 _c1208297
_d1208297